Promise and perils : basic issues in contemporary civilization /

Saved in:
Bibliographic Details
Main Author: Wallbank, T. Walter (Thomas Walter), 1901-
Other Authors: Taylor, Alastair MacDonald (jt. auth.)
Format: Book
Language:English
Published: Chicago : Scott, Foresman, c1966.
Series:[Scott, Foresman books in the history of civilization]
Subjects:
LEADER 01102cam a2200301 a 4500
001 c000408854
003 CARM
005 00000000000000.0
008 730530s1966 ilu b 000 0 eng d
010 |a 66014840 
015 |a C73-712-X 
019 1 |a 2014860 
035 |a (OCoLC)390629 
040 |a CAN  |b eng  |c CAN  |d VGT 
045 |a x4x6 
050 0 0 |a CB427  |b .W32 
082 0 4 |a 909.826 
100 1 |a Wallbank, T. Walter  |q (Thomas Walter),  |d 1901- 
245 1 0 |a Promise and perils :  |b basic issues in contemporary civilization /  |c by T. Walter Wallbank and Alastair M. Taylor. 
260 |a Chicago :  |b Scott, Foresman,  |c c1966. 
300 |a 76 p. ;  |c 23 cm. 
490 0 |a [Scott, Foresman books in the history of civilization] 
504 |a Bibliography: p. 75-76. 
650 0 |a Civilization, Modern  |y 1950- 
700 1 |a Taylor, Alastair MacDonald,  |e jt. auth. 
852 8 |b CARM  |h A3:AF15A0  |i B11997  |p 0566055  |f BK 
999 f f |i 483d48be-07a7-5028-89ba-dc8f07ddb6b6  |s 825f7692-14f8-5d5f-b0ef-752d490a89e5 
952 f f |p Can circulate  |a CAVAL  |b CAVAL  |c CAVAL  |d CARM 1 Store  |e B11997  |f A3:AF15A0  |h Other scheme  |i book  |m 0566055